01315nas a2200349 4500001001300000003000900013005001700022007000300039008003400042040005400076041000900130072000800139100001600147100001700163100002100180100002000201100002200221100001500243245014000258246013300398650001300531650001700544650002000561650001500581650001500596650001400611773011000625909004000735942001800775999001900793952015300812BR2012009705BR-BrBNA20231205121706.0ta230509b bl.|||p| |||| 00| 00por d aBR-BrBNAbporcBiblioteca Nacional de Agricultura a(Pt) aL731 aSilva, E.F.1 aSeyffert, N.1 aJouglard, S.D.D.1 aAthanazio, D.A.1 aDellagostin, O.A.1 aBrod, C.S.1 aSoroprevalência da infecção leptospiral em capivaras (Hydrochoerus hydrochaeris)abatidas em um frigorífico do Rio Grande do Sul1 aSeroprevalence of leptospiral infection in capybaras (Hydrochoerus hydrochaeris)in a slaughterhouse of Rio Grande do Sul, Brazil aCAPIVARA aLEPTOSPIROSE aDOENÇA ANIMAL aBACTÉRIA aAGLUTININA aANTICORPO0 tPesquisa Veterinária Brasileira (Brazil)xISSN 0100-736Xg(Mar 2009), v. 29(3) p. 174-176wBR2012009705 a202311bLúciac55dLúcia Elande 2AGRISn0cANA c224753d224753 002AGRIS4071a41918b41918cPeriódicos Agrícolash(Mar 2009), v. 29(3) p. 174-176l0r2023-11-29t01yCRePortaria Interministerial nº 164/94